Largest Towns in Essex - Statistics

General Stats
  • This quiz has been taken 724 times
  • The average score is 7 of 19
Answer Stats
Answer % Correct
Chelmsford
92%
Colchester
90%
Basildon
69%
Braintree
57%
Brentwood
56%
Harlow
46%
Billericay
42%
Grays
38%
Maldon
38%
Witham
33%
Rayleigh
29%
Clacton-on-Sea
27%
Wickford
27%
Harwich
24%
Canvey Island
18%
Benfleet
17%
Loughton
15%
Waltham Abbey
10%
Stanford-le-hope
8%
No matching quizzes found
Score Distribution
Percent of People with Each Score
Percentile by Number Answered
Your Score History
You have not taken this quiz